Arrêts droit administratif : PA et SP - Statistiques

Statistiques générales
  • Ce quiz a été pris 23 fois
  • Le résultat moyen est 6 sur 20
Statistiques - réponses
Hint Réponse % Correct
Pouvoir réglementaire (et donc de police spé) d'un chef de service - 1936 Jamart
91%
Pouvoir de police du chef du Gouvernement - 1919 Labonne
91%
Obligation du maire à agir en cas de trouble possible - 1959 Doublet
55%
Introduction du concept de "détournement de pouvoir" - 1960 Frampar
36%
Principe de mutabilité du SP -1961 Vanier
36%
Activité médicale relève du domaine libéral donc SP interdit (sauf motif grave) - 1901 Casanova
27%
Principe d'égalité : une commune ne peut pas réserver son SP qu'à ses habitants (ou presque) - 1994 Commune de Dreux
27%
Autorité de police générale sous tutelle ne peut pas prendre des mesures moins rigoureuse que l'autorité qui lui est supérieure - 1902 Commune de Néris les Bains
27%
TC, Une opération de police peut changer de nature en cours d'exécution - 1977 Demoiselle Motsch
27%
Théorie de l'imprévision: quand SP est géré par un concessionnaire et que le SP est en déficit du fait d'une situation imprévue et imprévisible, l'Administration doit l'indemniser - 1916 Compagnie de gaz de Bordeaux
18%
Mesures de police ne peuvent être discriminatoires - 2016 Ligue des droits de l'Homme
18%
Principe de laïcité à l'école (donc neutralité des usagers du SP) - 2007 M. Singh
18%
TC, Quand une opération de police a changer de nature et qu'un préjudice découle à la fois de mesures de la PA et de la PJ, il faut retenir la faute la plus déterminante (et donc aller devant la juridiction compétente) - 1978 Société les profils
18%
Est légale la décision qui impose la fermeture d'un commerce entre 22h et 6h car la clientèle est bruyante - 1997 Bricq
9%
Police spéciale peut avoir le monopole dans la matière de sa compétence - 2011 Commune des Pennes Mirabeau
9%
Un SP peut intervenir dans un secteur concurrentiel en cas de carence de l'initiative privée - 2010 Département de la Corrèze
9%
Introduction de la notion de SP a "double visage" - 1977 Société de Meunerie
9%
Les interdictions de police ne peuvent être trop générales et absolues - 1988 Société des ciment français
9%
TC, Introduction de la notion de SP a "visage inversé" - 1978 Société distillerie bretonne
9%
Première fois que le CE parle de SPIC (pas bac d'eloka) - 1921 Société générale d'armement
9%
Aucun quiz correspondant
Distribution des résultats
% des personnes avec chaque résultat
Percentile par nombre de réponses
Votre historique - résultats
Vous n’avez pas pris ce quiz